000 01008nam a2200241 a 4500
001 000744939
003 AM-YeHGA
005 20250617143446.0
008 100621s1984 ||| r 000 0 rus d
040 _aAM-YeHGA
041 0 _arus
245 0 0 _aРедкие минералы в Якутии /
_c[К. А. Лазебник, Г. Н. Гамянин, А. В. Округин и др.; Редкол.: К. А. Лазебник (отв. ред.) и др.].
260 _aЯкутск :
_bЯФ СО АН СССР,
_c1984.
300 _a106 с.
500 _aВ надзаг.: АН СССР, Сиб. отд-ние, Якут. фил., Ин-т геологии, Всесоюз. минерал. о-во, Якут. отд-ние
500 _aАвт. указаны на обороте тит. л.
504 _aБиблиогр.: с. 100-105
653 0 _aМинералы
700 1 _aЛазебник, К.А.
700 1 _aГамянин, Г.Н.
700 1 _aОкругин, А.В.
090 _c276987
999 _c275341
_d275341